Impacte atmosfèric de focus contaminants / [Fco. Javier Mantero Sáenz, Vicenç Sureda i Obrador]
ISBN:
84-505-6252-8
Descripción Física:
213 p. : il., gràf., quadres ; 24 cm
Colección:
Manuals / Diputació de Barcelona ; 3
Otros Autores:
Sureda, Vicenç, 1949-2022
Materias:
Aire -- Contaminació -- Mesurament
MARC
| LEADER | 00000nam a2200000Ia 4500 | ||
|---|---|---|---|
| 001 | 7984 | ||
| 008 | 160829s9999 xx 000 0 cat d | ||
| 020 | |a 84-505-6252-8 | ||
| 080 | |a C-1-232 | ||
| 100 | |a Mantero Sáenz, Francisco Javier |9 35472 | ||
| 245 | |a Impacte atmosfèric de focus contaminants / [Fco. Javier Mantero Sáenz, Vicenç Sureda i Obrador] | ||
| 260 | |a Barcelona : |b Diputació de Barcelona, Servei del Medi Ambient, DL 1987 | ||
| 300 | |a 213 p. : |b il., gràf., quadres ; |c 24 cm | ||
| 490 | |a Manuals / Diputació de Barcelona ; 3 | ||
| 590 | |a Bibliografia | ||
| 650 | |a Aire |x Contaminació |x Mesurament |9 35473 | ||
| 700 | 1 | |a Sureda, Vicenç, |d 1949-2022 |9 55316 | |
| 710 | 1 | |a Barcelona (Catalunya : Província). |b Servei de Medi Ambient |9 53475 | |
| 901 | |a Arxiu | ||
| 942 | |n 1 | ||
| 952 | |0 0 |1 0 |4 0 |6 C1232 |7 1 |9 46918 |a Arxiu |b Arxiu |d 2016-12-01 |l 0 |o C-1-232 |p 7984 |r 2016-12-01 00:00:00 |w 2016-12-01 |y ARXIU | ||
| 999 | |c 50711 |d 50711 | ||